Prayer and play in late Tokugawa Japan (Record no. 1100256)

MARC details
000 -LEADER
fixed length control field 00949nam a2200289Ia 4500
003 - CONTROL NUMBER IDENTIFIER
control field OSt
005 - DATE AND TIME OF LATEST TRANSACTION
control field 20221006153358.0
008 - FIXED-LENGTH DATA ELEMENTS--GENERAL INFORMATION
fixed length control field 221006b |||||||| |||| 00| 0 eng d
020 ## - INTERNATIONAL STANDARD BOOK NUMBER
International Standard Book Number 0674002407
037 ## - SOURCE OF ACQUISITION
Terms of availability Textual
040 ## - CATALOGING SOURCE
Original cataloging agency EASL
Transcribing agency EASL
Language of cataloging eng
041 ## - LANGUAGE CODE
Source of code eng
Language code of text/sound track or separate title eng
100 ## - MAIN ENTRY--PERSONAL NAME
Personal name HUR Nam-lin
9 (RLIN) 663639
245 #0 - TITLE STATEMENT
Title Prayer and play in late Tokugawa Japan
Remainder of title Asakusa Sensoji and Edo society
260 ## - PUBLICATION, DISTRIBUTION, ETC.
Place of publication, distribution, etc. Cambridge
Name of publisher, distributor, etc. Harvard University Press
Date of publication, distribution, etc. 2000
300 ## - PHYSICAL DESCRIPTION
Extent 302p.
Dimensions cm.
490 ## - SERIES STATEMENT
Volume/sequential designation JEL
Series statement Harvard east asian monographs 185
650 ## - SUBJECT ADDED ENTRY--TOPICAL TERM
Topical term or geographic name entry element JEL
650 ## - SUBJECT ADDED ENTRY--TOPICAL TERM
Topical term or geographic name entry element Recreation-religious aspects-buddhoism
9 (RLIN) 663640
650 ## - SUBJECT ADDED ENTRY--TOPICAL TERM
Topical term or geographic name entry element Buddhism-social aspects-Japan
9 (RLIN) 663641
942 ## - ADDED ENTRY ELEMENTS (KOHA)
Classification part Y:Q4:4146.42.M68, P0
Koha item type Textual
Source of classification or shelving scheme Colon Classification (CC)
Holdings
Withdrawn status Lost status Source of classification or shelving scheme Damaged status Not for loan Home library Current library Date acquired Source of acquisition Serial Enumeration / chronology Total Checkouts Full call number Barcode Date last seen Price effective from Koha item type
    Colon Classification (CC)     Department of East Asian Studies Library Department of East Asian Studies Library 2022-10-06 Gift, Japan Foundation JEL   Y:Q4:4146.42.M68 P0 EA1232938 2022-10-06 2022-10-06 Textual
Copyright @ Delhi University Library System